Billie Eilish - CHIHIRO - Statistics

General Stats
  • This quiz has been taken 462 times
    401 since last reset
  • The average score is 282 of 368
Answer Stats
Answer % Correct
a
98%
I
98%
"I
98%
(I
98%
you
97%
You
97%
my
96%
To
95%
to
95%
away
94%
away?
94%
take
94%
Do
93%
know
93%
love
93%
me
91%
me?
91%
Said
91%
said
91%
Said,
91%
said,
91%
the
91%
"No,
90%
(No,
90%
can
89%
be
88%
for
88%
say?
88%
say
88%
up
88%
what
88%
When
88%
when
88%
door,
87%
door?
87%
Open
87%
open
87%
Did
86%
from
86%
it
86%
Not
85%
not
85%
around,
84%
back
84%
back)
84%
come
84%
any
83%
in
83%
before
82%
can't
82%
today,
82%
more
81%
tomorrow
81%
was
80%
name
79%
with
79%
don't,
77%
don't
77%
maybe
77%
told
77%
won't
77%
cope
76%
forget
76%
feel
75%
your
74%
it's
73%
of
70%
that
70%
that"
70%
that")
70%
that)
70%
store
69%
strange
69%
will
69%
Kind
68%
sorrow
68%
sure,
68%
what's
67%
all
66%
feelin'
66%
you'd
66%
And
65%
(And
65%
borrow
65%
could
65%
show
65%
at
63%
change,
62%
war,
60%
but
59%
But
59%
hope
58%
were
55%
Were
55%
face
53%
wasn't
53%
turn
52%
now,
51%
Now
51%
garden
50%
got
50%
I'm
50%
too?
50%
why
50%
called
47%
found
47%
Saw
47%
serious
47%
serious?
47%
that's
47%
waitin'
47%
looked
46%
need
46%
takin'
45%
alone
44%
break"
44%
How
44%
gone
43%
They
42%
they
42%
beg
41%
counter
41%
hand
40%
pardon
40%
Contemplatin',
39%
part
39%
lap
38%
lap)
38%
there's
37%
recognizes
34%
tell
34%
(Tell
34%
been
33%
hands
33%
seat
33%
trap
33%
trap)
33%
you'll
33%
curious
32%
if
32%
returned,
32%
only
29%
Wringing
29%
(Wringing
29%
make
28%
No matching quizzes found
Score Distribution
Percent of People with Each Score
Percentile by Number Answered
Your Score History
You have not taken this quiz since the last reset